Finite Mathematics with Business Applications (Record no. 932)
[ view plain ]
| 005 - DATE AND TIME OF LATEST TRANSACTION | |
|---|---|
| control field | 20250319094809.0 |
| 082 ## - DEWEY DECIMAL CLASSIFICATION NUMBER | |
| Classification number | 510.65 KEM |
| 100 ## - MAIN ENTRY--PERSONAL NAME | |
| Author name | KEMENY, J. G. |
| 245 ## - TITLE STATEMENT | |
| Title | Finite Mathematics with Business Applications |
| 260 ## - PUBLICATION, DISTRIBUTION, ETC. | |
| Place of publication, distribution, etc. | London, |
| Name of publisher, distributor, etc. | Prentice-Hall, |
| Date of publication, distribution, etc. | 1962. |
| 300 ## - PHYSICAL DESCRIPTION | |
| Extent | xii, 482p.: ill,; figure, table |
| Other physical details | Index. |
| Dimensions | 24cm. |
| 700 ## - ADDED ENTRY--PERSONAL NAME | |
| Other authors/Editors | SCHEIFER, A., SNELL, J. L & THOMPSON, G. L. |
| 942 ## - ADDED ENTRY ELEMENTS (KOHA) | |
| Source of classification or shelving scheme | Dewey Decimal Classification |
| Koha item type | Books |
| Date last seen | Total checkouts | Full call number | Barcode | Cost, replacement price | Price effective from | Koha item type | Lost status | Source of classification or shelving scheme | Damaged status | Not for loan | Withdrawn status | Home library | Current library | Shelving location | Date acquired | Cost, normal purchase price |
|---|---|---|---|---|---|---|---|---|---|---|---|---|---|---|---|---|
| 03/19/2025 | 510.65 KEM | 0000003746 | 30000.00 | 03/19/2025 | Books | Dewey Decimal Classification | College of Business Education Main Library | College of Business Education Main Library | General Collection | 03/19/2025 | 10000.00 | |||||
| 03/19/2025 | 510.65 KEM | 0000003859 | 30000.00 | 03/19/2025 | Books | Dewey Decimal Classification | College of Business Education Main Library | College of Business Education Main Library | General Collection | 03/19/2025 | 10000.00 |
